000
00313nam a2200109Ia 4500
008
220204s9999 xx 000 0 und d
082
_b
BAR
100
_a
Barah, B C
245
0
_a
Traditional water harvesting systems: An ecological economic survey
260
_a
New Delhi
_b
New Age International
_c
1996
942
_c
BK
999
_c
41384
_d
41384